LEADER 01317nam 2200373 450 001 990001044190203316 035 $a0104419 035 $aUSA010104419 035 $a(ALEPH)000104419USA01 035 $a0104419 100 $a20020319d1981----km-y0itay0103----ba 101 $aita 102 $aIT 110 $aaja-------- 200 1 $aNote su socialismo e cristianesimo$ebollettino del Centro Charles Péguy , Istituto di Filosofia, Facoltà di Magistero, Università degli Studi di Lecce 207 $aAnno 1, n.1(marzo 1981)-anno 5, n.10 (settembre 1985) 210 $aLecce$d1981-1985 215 $av$d24 cm 300 $aTit. della cop. 326 $aSemestrale 410 $12001 440 1$10010104390$12001$aNote 606 0 $aCristianesimo e socialismo$yEuropa$xPeriodici 676 $a261.7094 712 02$aUniversità degli Studi $b: Facoltà di Magistero : Istituto di Filosofia : Centro Charles Péguy 801 0$aIT$bsalbc$gISBD 912 $a990001044190203316 958 $aUMA$cAnno 1, n.1(marzo 1981)-anno 5, n.10 (settembre 1985) ; scompleti 1981-1982 959 $aSE 979 $aPATTY$b90$c20020319$lUSA01$h1724 979 $c20020403$lUSA01$h1744 979 $aPATRY$b90$c20040406$lUSA01$h1712 996 $aNote su socialismo e cristianesimo$9893178 997 $aUNISA LEADER 00585nam a2200181 u 4500 001 991004256338207536 005 20221111091915.0 008 221111s2022 xx r 000 0 eng d 040 $aBibl. Dip.le Aggr. Studi Umanistici - Sez. Filologia Classica$bita 100 1 $aAristophanes$0602827 245 14$aThe Clouds /$cAristophanes ; with introduction and notes by W.W. Merry 250 $anew ed. 260 $aOxford :$bClarendon Press,$c1950 300 $a104 p. ;$c17 cm. 700 1 $aMerry, William Walter 912 $a991004256338207536 996 $aClouds$93088476 997 $aUNISALENTO LEADER 01429nam0 22003371i 450 001 UON00422037 005 20231205104829.289 010 $a88-343-0878-6 100 $a20130409d2002 |0itac50 ba 101 $aita 102 $aIT 105 $a|||| ||||| 200 1 $a"Philosophi" e "Logici"$eun ventennio di incontri e scontri: Soissons, Sens, Cluny, (1121-1141)$fPietro Zerbi 210 $aRoma$cIstituto storico italiano per il Medio Evo ; Milano$cVita e pensiero$d2002 - XI$d196 p. ; 22 cm 215 $aFrontespizi contrapposti Coedito. 410 1$1001UON00001426$12001 $aNuovi Studi Storici$v59 410 1$1001UON00170778$12001 $aRicerche. Storia 606 $aABELARDO PIETRO$3UONC046048$2FI 606 $aBERNARDO DI CHIARAVALLE $3UONC049802$2FI 620 $aIT$dRoma$3UONL000004 620 $aIT$dMilano$3UONL000005 676 $a189$cFILOSOFIA MEDIEVALE$v21 700 1$aZERBI$bPietro$3UONV184828$0198237 712 $aIstituto Storico Italiano per il Medio Evo$3UONV250370$4650 712 $aVita e Pensiero$3UONV247269$4650 801 $aIT$bSOL$c20250509$gRICA 899 $aSIBA - SISTEMA BIBLIOTECARIO DI ATENEO$2UONSI 912 $aUON00422037 950 $aSIBA - SISTEMA BIBLIOTECARIO DI ATENEO$dSI FS 2.0 0254 $eSI 4927 5 0254 $sBuono 996 $aPhilosophi e logici$9907725 997 $aUNIOR